<?xml version="1.0" encoding="UTF-8"?>
<collection xmlns="http://www.loc.gov/MARC21/slim">
 <record>
  <leader>03593cam a2200673   4500</leader>
  <controlfield tag="001">1072685507</controlfield>
  <controlfield tag="003">DE-627</controlfield>
  <controlfield tag="005">20240424201730.0</controlfield>
  <controlfield tag="007">tu</controlfield>
  <controlfield tag="008">850101s1970    xx ||||| m    00| ||ger c</controlfield>
  <datafield tag="035" ind1=" " ind2=" ">
   <subfield code="a">(DE-627)1072685507</subfield>
  </datafield>
  <datafield tag="035" ind1=" " ind2=" ">
   <subfield code="a">(DE-576)002685507</subfield>
  </datafield>
  <datafield tag="035" ind1=" " ind2=" ">
   <subfield code="a">(DE-599)BSZ002685507</subfield>
  </datafield>
  <datafield tag="035" ind1=" " ind2=" ">
   <subfield code="a">(OCoLC)00387572</subfield>
  </datafield>
  <datafield tag="035" ind1=" " ind2=" ">
   <subfield code="a">(OCoLC)1050470728</subfield>
  </datafield>
  <datafield tag="035" ind1=" " ind2=" ">
   <subfield code="a">(DE-604)8029496640</subfield>
  </datafield>
  <datafield tag="040" ind1=" " ind2=" ">
   <subfield code="a">DE-627</subfield>
   <subfield code="b">ger</subfield>
   <subfield code="c">DE-627</subfield>
   <subfield code="e">rakwb</subfield>
  </datafield>
  <datafield tag="041" ind1=" " ind2=" ">
   <subfield code="a">ger</subfield>
  </datafield>
  <datafield tag="084" ind1=" " ind2=" ">
   <subfield code="a">1</subfield>
   <subfield code="2">ssgn</subfield>
  </datafield>
  <datafield tag="084" ind1=" " ind2=" ">
   <subfield code="a">NQ 2120</subfield>
   <subfield code="2">rvk</subfield>
   <subfield code="0">(DE-625)rvk/128222:</subfield>
  </datafield>
  <datafield tag="084" ind1=" " ind2=" ">
   <subfield code="a">MC 7300</subfield>
   <subfield code="2">rvk</subfield>
   <subfield code="0">(DE-625)rvk/122419:</subfield>
  </datafield>
  <datafield tag="100" ind1="1" ind2=" ">
   <subfield code="a">Bollmus, Reinhard</subfield>
   <subfield code="d">1933-2019</subfield>
   <subfield code="0">(DE-588)14360113X</subfield>
   <subfield code="0">(DE-627)647696266</subfield>
   <subfield code="0">(DE-576)160359066</subfield>
   <subfield code="4">aut</subfield>
  </datafield>
  <datafield tag="245" ind1="1" ind2="4">
   <subfield code="a">Das Amt Rosenberg und seine Gegner</subfield>
   <subfield code="b">Studien zum Machtkampf im nationalsozialistischen Herrschaftssystem</subfield>
   <subfield code="c">Reinhard Bollmus</subfield>
  </datafield>
  <datafield tag="264" ind1=" " ind2="1">
   <subfield code="a">Stuttgart</subfield>
   <subfield code="b">Dt. Verlags-Anst.</subfield>
   <subfield code="c">1970</subfield>
  </datafield>
  <datafield tag="300" ind1=" " ind2=" ">
   <subfield code="a">359 S.</subfield>
  </datafield>
  <datafield tag="336" ind1=" " ind2=" ">
   <subfield code="a">Text</subfield>
   <subfield code="b">txt</subfield>
   <subfield code="2">rdacontent</subfield>
  </datafield>
  <datafield tag="337" ind1=" " ind2=" ">
   <subfield code="a">ohne Hilfsmittel zu benutzen</subfield>
   <subfield code="b">n</subfield>
   <subfield code="2">rdamedia</subfield>
  </datafield>
  <datafield tag="338" ind1=" " ind2=" ">
   <subfield code="a">Band</subfield>
   <subfield code="b">nc</subfield>
   <subfield code="2">rdacarrier</subfield>
  </datafield>
  <datafield tag="490" ind1="1" ind2=" ">
   <subfield code="a">Studien zur Zeitgeschichte</subfield>
   <subfield code="v">[1]</subfield>
  </datafield>
  <datafield tag="502" ind1=" " ind2=" ">
   <subfield code="a">Zugl.: Heidelberg, Univ., Diss., 1968</subfield>
  </datafield>
  <datafield tag="583" ind1="1" ind2=" ">
   <subfield code="a">Archivierung/Langzeitarchivierung gewährleistet</subfield>
   <subfield code="f">PEBW</subfield>
   <subfield code="x">XA-DE-BW</subfield>
   <subfield code="2">pdager</subfield>
   <subfield code="5">DE-24</subfield>
  </datafield>
  <datafield tag="583" ind1="1" ind2=" ">
   <subfield code="a">Archivierung/Langzeitarchivierung gewährleistet</subfield>
   <subfield code="f">DISS</subfield>
   <subfield code="x">XA-DE-BW</subfield>
   <subfield code="2">pdager</subfield>
   <subfield code="5">DE-16</subfield>
  </datafield>
  <datafield tag="583" ind1="1" ind2=" ">
   <subfield code="a">Archivierung/Langzeitarchivierung gewährleistet</subfield>
   <subfield code="f">SLG</subfield>
   <subfield code="x">XA-DE-BW</subfield>
   <subfield code="z">BfZ</subfield>
   <subfield code="2">pdager</subfield>
   <subfield code="5">DE-24</subfield>
  </datafield>
  <datafield tag="583" ind1="1" ind2=" ">
   <subfield code="a">Archivierung/Langzeitarchivierung gewährleistet</subfield>
   <subfield code="f">SSG</subfield>
   <subfield code="x">XA-DE-BW</subfield>
   <subfield code="2">pdager</subfield>
   <subfield code="5">DE-21</subfield>
  </datafield>
  <datafield tag="655" ind1=" " ind2="7">
   <subfield code="a">Hochschulschrift</subfield>
   <subfield code="0">(DE-588)4113937-9</subfield>
   <subfield code="0">(DE-627)105825778</subfield>
   <subfield code="0">(DE-576)209480580</subfield>
   <subfield code="2">gnd-content</subfield>
  </datafield>
  <datafield tag="689" ind1="0" ind2="0">
   <subfield code="d">p</subfield>
   <subfield code="0">(DE-588)118602691</subfield>
   <subfield code="0">(DE-627)134229339</subfield>
   <subfield code="0">(DE-576)162784112</subfield>
   <subfield code="a">Rosenberg, Alfred</subfield>
   <subfield code="d">1893-1946</subfield>
   <subfield code="2">gnd</subfield>
  </datafield>
  <datafield tag="689" ind1="0" ind2=" ">
   <subfield code="5">(DE-627)</subfield>
  </datafield>
  <datafield tag="689" ind1="1" ind2="0">
   <subfield code="d">p</subfield>
   <subfield code="0">(DE-588)118602691</subfield>
   <subfield code="0">(DE-627)134229339</subfield>
   <subfield code="0">(DE-576)162784112</subfield>
   <subfield code="a">Rosenberg, Alfred</subfield>
   <subfield code="d">1893-1946</subfield>
   <subfield code="2">gnd</subfield>
  </datafield>
  <datafield tag="689" ind1="1" ind2="1">
   <subfield code="d">s</subfield>
   <subfield code="0">(DE-588)4046514-7</subfield>
   <subfield code="0">(DE-627)104152206</subfield>
   <subfield code="0">(DE-576)209069945</subfield>
   <subfield code="a">Politik</subfield>
   <subfield code="2">gnd</subfield>
  </datafield>
  <datafield tag="689" ind1="1" ind2=" ">
   <subfield code="5">(DE-627)</subfield>
  </datafield>
  <datafield tag="689" ind1="2" ind2="0">
   <subfield code="d">s</subfield>
   <subfield code="0">(DE-588)4013021-6</subfield>
   <subfield code="0">(DE-627)104682922</subfield>
   <subfield code="0">(DE-576)208901639</subfield>
   <subfield code="a">Drittes Reich</subfield>
   <subfield code="2">gnd</subfield>
  </datafield>
  <datafield tag="689" ind1="2" ind2="1">
   <subfield code="d">p</subfield>
   <subfield code="0">(DE-588)118602691</subfield>
   <subfield code="0">(DE-627)134229339</subfield>
   <subfield code="0">(DE-576)162784112</subfield>
   <subfield code="a">Rosenberg, Alfred</subfield>
   <subfield code="d">1893-1946</subfield>
   <subfield code="2">gnd</subfield>
  </datafield>
  <datafield tag="689" ind1="2" ind2=" ">
   <subfield code="5">(DE-627)</subfield>
  </datafield>
  <datafield tag="751" ind1=" " ind2=" ">
   <subfield code="a">Heidelberg</subfield>
   <subfield code="0">(DE-588)4023996-2</subfield>
   <subfield code="0">(DE-627)106300814</subfield>
   <subfield code="0">(DE-576)208952578</subfield>
   <subfield code="4">uvp</subfield>
  </datafield>
  <datafield tag="787" ind1="0" ind2="8">
   <subfield code="i">Rezensiert in</subfield>
   <subfield code="a">Schindler, Reinhard, 1912 - 2001</subfield>
   <subfield code="t">[Rezension von: Reinhard Bollmus, Das Amt Rosenberg und seine Gegner]</subfield>
   <subfield code="d">1971</subfield>
   <subfield code="w">(DE-627)1838893598</subfield>
  </datafield>
  <datafield tag="787" ind1="0" ind2="8">
   <subfield code="i">Rezensiert in</subfield>
   <subfield code="a">Goeldel, Denis, 1938 - </subfield>
   <subfield code="t">[Rezension von: Reinhard Bollmus, Das Amt Rosenberg und seine Gegner]</subfield>
   <subfield code="d">München : Artemis Verlag, 1976</subfield>
   <subfield code="w">(DE-627)1577749758</subfield>
   <subfield code="w">(DE-576)507749758</subfield>
  </datafield>
  <datafield tag="830" ind1=" " ind2="0">
   <subfield code="a">Studien zur Zeitgeschichte</subfield>
   <subfield code="v">[1]</subfield>
   <subfield code="9">1</subfield>
   <subfield code="w">(DE-627)130293342</subfield>
   <subfield code="w">(DE-576)005979099</subfield>
   <subfield code="w">(DE-600)577009-9</subfield>
   <subfield code="x">2192-0761</subfield>
   <subfield code="7">ns</subfield>
  </datafield>
  <datafield tag="856" ind1="4" ind2="2">
   <subfield code="u">http://d-nb.info/456157557/04</subfield>
   <subfield code="m">V:DE-605</subfield>
   <subfield code="q">application/pdf</subfield>
   <subfield code="3">Inhaltsverzeichnis</subfield>
  </datafield>
  <datafield tag="935" ind1=" " ind2=" ">
   <subfield code="a">mteo</subfield>
  </datafield>
  <datafield tag="936" ind1="r" ind2="v">
   <subfield code="a">NQ 2120</subfield>
   <subfield code="b">NS-Weltanschauung, Programm u.ä.</subfield>
   <subfield code="k">Geschichte</subfield>
   <subfield code="k">Geschichte seit 1918</subfield>
   <subfield code="k">Drittes Reich</subfield>
   <subfield code="k">Nationalsozialismus</subfield>
   <subfield code="k">NS-Weltanschauung, Programm u.ä.</subfield>
   <subfield code="0">(DE-627)1270653059</subfield>
   <subfield code="0">(DE-625)rvk/128222:</subfield>
   <subfield code="0">(DE-576)200653059</subfield>
  </datafield>
  <datafield tag="936" ind1="r" ind2="v">
   <subfield code="a">MC 7300</subfield>
   <subfield code="b">Nationalsozialismus</subfield>
   <subfield code="k">Politologie</subfield>
   <subfield code="k">Geschichte der politischen Philosophie und der Ideologien</subfield>
   <subfield code="k">Ideologien und Massenbewegungen</subfield>
   <subfield code="k">Nationalsozialismus</subfield>
   <subfield code="0">(DE-627)1271424991</subfield>
   <subfield code="0">(DE-625)rvk/122419:</subfield>
   <subfield code="0">(DE-576)201424991</subfield>
  </datafield>
  <datafield tag="951" ind1=" " ind2=" ">
   <subfield code="a">BO</subfield>
  </datafield>
  <datafield tag="990" ind1=" " ind2=" ">
   <subfield code="a">Rosenberg, Alfred</subfield>
  </datafield>
  <datafield tag="990" ind1=" " ind2=" ">
   <subfield code="a">Rosenberg, Alfred</subfield>
  </datafield>
  <datafield tag="990" ind1=" " ind2=" ">
   <subfield code="a">Politik</subfield>
  </datafield>
  <datafield tag="990" ind1=" " ind2=" ">
   <subfield code="a">Drittes Reich</subfield>
  </datafield>
  <datafield tag="990" ind1=" " ind2=" ">
   <subfield code="a">Rosenberg, Alfred</subfield>
  </datafield>
  <datafield tag="991" ind1=" " ind2=" ">
   <subfield code="a">Rezensiertes Werk</subfield>
  </datafield>
  <datafield tag="999" ind1=" " ind2=" ">
   <subfield code="a">KXP-PPN1072685507</subfield>
   <subfield code="e">456716136X</subfield>
  </datafield>
 </record>
</collection>
